00953 a2200193 4500001000500000005001700005008004100022003001500063040004000078080008700118245003500205020002200240250001200262264003400274300001900308505028200327100002400609856012600633188920260407155419.0260407a2007 arg spa dAR-UNSa-BCEJYS aAR-UNSa-BCEJYSbspacAR-UNSa-BCEJYS a657.31xPresupuestos. Previsiones. Planes financieros. Estado de flujo de efectivo10aEl estado de flujo de efectivo a978-987-01-0711-8 a3a. ed. 1aBuenos Aires :bErreparc2007 a222 p.c21 cm. a1. Información financiera - 2. Estructura del estado - 3. Metodología para la elaboración del estado - 4. Intereses dividendos e impuesto a las ganancias - 5. Caso práctico - 6. Procesos inflacionarios - 7. Combinaciones de negocios - 8. Análisis de estados contables1 aMantovan, Flavio A.41uhttps://biblioeco.unsa.edu.ar/pmb/images/libros/El Estado de Flujo de Efectivo-l118079.jpgyImagen de portadaqimage/jpeg